[Event "V Open Estate Vomero"]
[Site "Napoli ITA"]
[Date "2011.05.26"]
[Round "4"]
[White "Pinto, Gaetano"]
[Black "Buiano, Fabio"]
[Result "0-1"]
[WhiteElo "2027"]
[BlackElo "2108"]
[PlyCount "78"]
[EventDate "2011.05.06"]

1. d4 d6 2. e4 Nf6 3. Nd2 e5 4. dxe5 dxe5 5. Ngf3 Bc5 6. Be2 Nc6 7. c3 a5 8. a4
O-O 9. Qc2 Qe7 10. O-O h6 11. Nc4 Rd8 12. Be3 Bxe3 13. Nxe3 Be6 14. Bc4 Bxc4
15. Nxc4 Qc5 16. Ne3 Rd7 17. Rfd1 Rad8 18. Rxd7 Rxd7 19. g3 h5 20. h3 Ne8 21.
Rd1 Rxd1+ 22. Qxd1 Nd6 23. Qd5 Qxd5 24. exd5 e4 25. dxc6 exf3 26. cxb7 Nxb7 27.
Nc4 Nc5 28. Nxa5 Nxa4 29. Nc4 f5 30. Kf1 Kf7 31. Ke1 Ke6 32. Kd2 Kd5 33. Ne3+
Ke4 34. b4 Nb2 35. h4 g6 36. b5 Nd3 37. Nd1 f4 38. Kc2 fxg3 39. fxg3 f2 0-1

[Event "V Open Estate Vomero"]
[Site "Napoli ITA"]
[Date "2011.05.26"]
[Round "4"]
[White "Saccone, Fabio"]
[Black "Rosato, Luciano"]
[Result "1-0"]
[WhiteElo "2308"]
[BlackElo "2272"]
[PlyCount "127"]
[EventDate "2011.05.06"]

1. e4 d6 2. d4 g6 3. Nf3 Bg7 4. Bd3 Nc6 5. c3 Nf6 6. O-O O-O 7. b4 a6 8. Nbd2
Nd7 9. Bb2 e5 10. Qb3 Kh8 11. Rad1 f5 12. exf5 gxf5 13. dxe5 dxe5 14. Be2 e4
15. Nd4 Nxd4 16. cxd4 Nb6 17. f3 e3 18. Qxe3 Re8 19. Qf2 Nd5 20. Nc4 f4 21. Ne5
Qe7 22. Bc4 Be6 23. Bxd5 Bxd5 24. a3 Qg5 25. Rfe1 Rad8 26. Rd2 Bxe5 27. Rxe5
Rxe5 28. dxe5 Be6 29. Rxd8+ Qxd8 30. Bd4 Kg7 31. Qd2 Qg5 32. Bb2 Kf7 33. Bc1
Qxe5 34. Qxf4+ Qxf4 35. Bxf4 c6 36. Kf2 Bd5 37. g4 Kf6 38. Ke3 Ke6 39. Bc7 b5
40. f4 Kd7 41. Be5 Ke6 42. Bd4 Kf7 43. f5 Bb3 44. Kf4 Bd1 45. Kg5 Bf3 46. h3
Bg2 47. Kh4 Be4 48. Kg5 Bg2 49. h4 Bf3 50. h5 Be2 51. Kh4 Bd3 52. Kg5 Be2 53.
Kf4 Bd1 54. h6 Bc2 55. g5 Bd3 56. g6+ Kg8 57. Kg5 Bc2 58. Kf6 Bd3 59. Be3 Bc2
60. Ke6 Bd3 61. gxh7+ Kxh7 62. f6 Kg6 63. Ke7 Bc4 64. h7 1-0

[Event "V Open Estate Vomero"]
[Site "Napoli ITA"]
[Date "2011.05.26"]
[Round "4"]
[White "Scalera, Salvatore"]
[Black "De Rosa, Francesco"]
[Result "1-0"]
[WhiteElo "1473"]
[BlackElo "1962"]
[PlyCount "49"]
[EventDate "2011.05.06"]

1. d4 Nf6 2. c4 c5 3. d5 e6 4. Nc3 exd5 5. cxd5 d6 6. e4 g6 7. f4 Bg7 8. Bb5+
Nfd7 9. Be2 O-O 10. Nf3 a6 11. a4 Re8 12. O-O Qb6 13. Kh1 Nf6 14. f5 Nxe4 15.
Nxe4 Rxe4 16. Bd3 Re8 17. fxg6 hxg6 18. Ng5 Rf8 19. Qe1 Qb4 20. Bd2 Qd4 21. Rf4
Qxd5 22. Qh4 Rd8 23. Qh7+ Kf8 24. Rxf7+ Qxf7 25. Nxf7 1-0

[Event "V Open Estate Vomero"]
[Site "Napoli ITA"]
[Date "2011.05.26"]
[Round "4"]
[White "Seletsky, Grigory"]
[Black "Di Meo, Antonio"]
[Result "1-0"]
[WhiteElo "2296"]
[BlackElo "1981"]
[PlyCount "55"]
[EventDate "2011.05.06"]

1. e4 c6 2. Nc3 g6 3. d4 Bg7 4. Nf3 d6 5. h3 Nf6 6. Be3 b5 7. Bd3 O-O 8. Ne2
Nbd7 9. O-O Qc7 10. Ng3 a6 11. Qd2 Rd8 12. Bh6 Bh8 13. Qg5 Nf8 14. c3 Ne6 15.
Qh4 c5 16. d5 Nf8 17. Ng5 e5 18. f4 exf4 19. Rxf4 N8d7 20. Raf1 c4 21. Be2 Qb6+
22. Kh1 Ra7 23. Nxf7 Kxf7 24. Bg4 Re8 25. Bxd7 Rxd7 26. Rxf6+ Bxf6 27. Qxf6+
Kg8 28. Qf8+ 1-0

[Event "V Open Estate Vomero"]
[Site "Napoli ITA"]
[Date "2011.05.26"]
[Round "4"]
[White "Solombrino, Giovanni"]
[Black "De Rosa, Mariagrazia"]
[Result "0-1"]
[WhiteElo "1838"]
[BlackElo "2113"]
[PlyCount "46"]
[EventDate "2011.05.06"]

1. e4 c5 2. Nf3 d6 3. d4 cxd4 4. Nxd4 Nf6 5. Nc3 a6 6. Bg5 e6 7. f4 Qc7 8. Qf3
Nc6 9. O-O-O Bd7 10. Kb1 Be7 11. Nxc6 bxc6 12. Bc4 Rb8 13. e5 d5 14. Bb3 Ng8
15. Qg3 c5 16. Bxe7 Nxe7 17. Qxg7 Rf8 18. g4 c4 19. Ba4 Bxa4 20. Nxa4 Qa5 21.
f5 Qxa4 22. fxe6 c3 23. exf7+ Rxf7 0-1

[Event "V Open Estate Vomero"]
[Site "Napoli ITA"]
[Date "2011.06.09"]
[Round "5"]
[White "Buiano, Fabio"]
[Black "Della Corte, Alessandro"]
[Result "0-1"]
[WhiteElo "2108"]
[BlackElo "2253"]
[PlyCount "52"]
[EventDate "2011.05.06"]

1. e4 d5 2. exd5 Qxd5 3. Nc3 Qd6 4. d4 c6 5. g3 Nf6 6. Bg2 Bg4 7. Nge2 e6 8.
O-O Nbd7 9. h3 Bh5 10. Re1 Be7 11. a4 Qc7 12. a5 O-O 13. g4 Bg6 14. Ng3 Bd6 15.
Nce4 Nxe4 16. Nxe4 Bh2+ 17. Kh1 Bf4 18. Be3 Bxe3 19. Rxe3 Rad8 20. Qe2 Bxe4 21.
Bxe4 Nf6 22. g5 Nxe4 23. Rxe4 Rd5 24. Rg1 Qxa5 25. g6 hxg6 26. Rh4 Rh5 0-1

[Event "V Open Estate Vomero"]
[Site "Napoli ITA"]
[Date "2011.06.09"]
[Round "5"]
[White "Capone, Vincenzo"]
[Black "Seletsky, Grigory"]
[Result "1-0"]
[WhiteElo "2128"]
[BlackElo "2296"]
[PlyCount "103"]
[EventDate "2011.05.06"]

1. d4 c5 2. d5 e5 3. e4 d6 4. Bb5+ Nd7 5. a4 Ngf6 6. Nc3 Be7 7. Nf3 O-O 8. O-O
Ne8 9. Nd2 Bg5 10. Nc4 a6 11. Bxd7 Bxd7 12. Bxg5 Qxg5 13. f4 exf4 14. Qf3 Rd8
15. Qxf4 Qxf4 16. Rxf4 b5 17. axb5 axb5 18. Nb6 b4 19. Ra7 bxc3 20. Nxd7 cxb2
21. Rf1 Nf6 22. Nxf8 Nxe4 23. Rb1 Rxf8 24. Rxb2 Nc3 25. Rb6 Nxd5 26. Rxd6 Nc3
27. Rdd7 h5 28. Rac7 Ne4 29. Re7 Nf6 30. Rxc5 Rd8 31. h3 h4 32. Kf1 Rd4 33.
Rc8+ Kh7 34. Rxf7 Kg6 35. Rcc7 Nh5 36. Rfd7 Rf4+ 37. Ke1 Re4+ 38. Kd2 Re5 39.
Rd4 Rg5 40. Rc6+ Nf6 41. Rg4 Rxg4 42. hxg4 Kg5 43. Rc7 g6 44. c4 Kxg4 45. c5
Kg3 46. c6 g5 47. Rg7 Kxg2 48. Rxg5+ Kh1 49. Ke3 h3 50. c7 h2 51. c8=Q Ng4+ 52.
Kf4 1-0

[Event "V Open Estate Vomero"]
[Site "Napoli ITA"]
[Date "2011.06.09"]
[Round "5"]
[White "Colli, Roberto"]
[Black "Gallo, Thomas Renato"]
[Result "1-0"]
[WhiteElo "1788"]
[BlackElo "1881"]
[PlyCount "126"]
[EventDate "2011.05.06"]

1. d4 d5 2. c4 e6 3. Nf3 c6 4. g3 Nf6 5. Bg2 Nbd7 6. b3 Be7 7. Nc3 O-O 8. Bb2
b6 9. O-O Bb7 10. Qd3 Rc8 11. Ne5 Qc7 12. Nxd7 Qxd7 13. e4 Rfd8 14. Rfe1 dxc4
15. Qxc4 Qxd4 16. Qxd4 Rxd4 17. Nd5 Rxd5 18. exd5 cxd5 19. Rac1 Ne8 20. Rxc8
Bxc8 21. Bxd5 Bb4 22. Re2 Ba6 23. Bc4 Bxc4 24. bxc4 Nd6 25. Kg2 Kf8 26. Rc2 Bc5
27. Rc3 Ne4 28. Rc2 g6 29. f3 Nd6 30. Rc3 a5 31. Ba3 Bxa3 32. Rxa3 Nxc4 33. Rb3
Ke7 34. Kf2 Kd6 35. Ke2 Kc5 36. Kd3 f6 37. Rc3 b5 38. a4 Kb4 39. axb5 Ne5+ 40.
Kc2 Kxb5 41. Rb3+ Kc5 42. f4 Nc6 43. Rb7 h5 44. Rg7 Nd4+ 45. Kb2 Nf3 46. h4 e5
47. Rxg6 f5 48. fxe5 Nxe5 49. Rg5 Nd3+ 50. Kc3 Nc1 51. Rxf5+ Kb6 52. Rf2 a4 53.
Kc2 Nb3 54. Kb2 Kb5 55. Rf5+ Kb4 56. Rxh5 a3+ 57. Kb1 Nd2+ 58. Ka2 Ne4 59. Rh7
Nc3+ 60. Ka1 Kb3 61. Rb7+ Kc2 62. Rc7 Kb3 63. Rxc3+ Kxc3 1-0

[Event "V Open Estate Vomero"]
[Site "Napoli ITA"]
[Date "2011.06.09"]
[Round "5"]
[White "De Rosa, Francesco"]
[Black "Sparice, Lorenzo"]
[Result "1-0"]
[WhiteElo "1962"]
[BlackElo "1374"]
[PlyCount "77"]
[EventDate "2011.05.06"]

1. e4 c5 2. Nf3 Nf6 3. Nc3 e6 4. d4 cxd4 5. Nxd4 Nc6 6. g3 e5 7. Ndb5 d6 8. Bg5
a6 9. Na3 Be7 10. Nc4 Nd4 11. Ne3 h6 12. Bxf6 Bxf6 13. Bg2 g6 14. a4 Bd7 15.
Ncd5 b5 16. c3 Ne6 17. Nxf6+ Qxf6 18. Qxd6 Qe7 19. Qxe5 f6 20. Qd5 Nc7 21. Qd3
bxa4 22. O-O Kf7 23. Nd5 Nxd5 24. exd5 Qd6 25. Rad1 Rab8 26. Rd2 Rhe8 27. Qd4
Re5 28. c4 Rb4 29. Rc1 Qb8 30. f4 Rh5 31. Bf3 Rh3 32. Re2 Qb6 33. Qxb6 Rxb6 34.
Rce1 Rb8 35. Re7+ Kf8 36. Rxd7 Re8 37. Rxe8+ Kxe8 38. Rb7 h5 39. Kg2 1-0

[Event "V Open Estate Vomero"]
[Site "Napoli ITA"]
[Date "2011.06.09"]
[Round "5"]
[White "De Rosa, Mariagrazia"]
[Black "Caporali, Dante"]
[Result "1-0"]
[WhiteElo "2113"]
[BlackElo "1568"]
[PlyCount "75"]
[EventDate "2011.05.06"]

1. e4 e6 2. d4 d5 3. e5 c5 4. c3 Nc6 5. Nf3 Qb6 6. a3 c4 7. Nbd2 Na5 8. g3 Bd7
9. Bh3 h6 10. Nf1 Ne7 11. Ne3 O-O-O 12. O-O Nec6 13. Nd2 Kb8 14. Rb1 Nb3 15.
Nxb3 cxb3 16. f4 Be7 17. f5 Bg5 18. Qf3 Ka8 19. Kh1 Na5 20. fxe6 fxe6 21. Nd1
Bxc1 22. Rxc1 Rhg8 23. Qf7 a6 24. Rf4 Nc4 25. Bg4 Qc6 26. Be2 Ka7 27. Kg1 Qc8
28. Qh5 Rdf8 29. Rxf8 Qxf8 30. Bxc4 dxc4 31. Ne3 b5 32. Rf1 Qe7 33. Rf7 Qe8 34.
Qf3 Kb6 35. d5 Ka5 36. Qf2 exd5 37. Nxd5 Be6 38. Qb6+ 1-0

[Event "V Open Estate Vomero"]
[Site "Napoli ITA"]
[Date "2011.06.09"]
[Round "5"]
[White "Miccoli, Livio"]
[Black "Accardo, Francesco"]
[Result "1-0"]
[WhiteElo "1671"]
[BlackElo "1874"]
[PlyCount "61"]
[EventDate "2011.05.06"]

1. e4 a6 2. Nc3 b5 3. Nf3 e6 4. g3 Bb7 5. Bg2 Be7 6. O-O g5 7. d3 g4 8. Ne5 h5
9. f3 d6 10. Nxf7 Kxf7 11. fxg4+ Ke8 12. gxh5 Nd7 13. Qg4 Ne5 14. Qxe6 Bc8 15.
Qd5 c6 16. Qb3 Nf6 17. Be3 Rxh5 18. a4 b4 19. Ne2 Neg4 20. Bd4 Rxh2 21. Bxf6
Rxg2+ 22. Kxg2 Bxf6 23. Qg8+ Kd7 24. Qxg4+ Kc7 25. Qg6 Bxb2 26. Rf7+ Kb8 27.
Rb1 Ba3 28. Nd4 Bd7 29. Qxd6+ Kc8 30. Rf8 b3 31. Rxd8+ 1-0

[Event "V Open Estate Vomero"]
[Site "Napoli ITA"]
[Date "2011.06.09"]
[Round "5"]
[White "Petteruti, Antonio"]
[Black "Esposito, Pino"]
[Result "1/2-1/2"]
[WhiteElo "1485"]
[BlackElo "1861"]
[PlyCount "54"]
[EventDate "2011.05.06"]

1. d4 d5 2. Nf3 Nf6 3. Bf4 Bf5 4. e3 e6 5. c4 c6 6. Nc3 Nbd7 7. Be2 Be7 8. O-O
O-O 9. a3 a5 10. h3 h6 11. c5 Re8 12. Ne5 Bf8 13. b4 axb4 14. axb4 Rxa1 15.
Qxa1 Qa8 16. b5 Nxe5 17. Bxe5 Ne4 18. Nxe4 Bxe4 19. b6 Be7 20. Qb2 f6 21. Bc7
Bd8 22. Ra1 Qc8 23. Bd6 Be7 24. Bg3 Bf8 25. Bc7 Be7 26. Ra7 Bf5 27. Bh5 Rf8
1/2-1/2

[Event "V Open Estate Vomero"]
[Site "Napoli ITA"]
[Date "2011.06.09"]
[Round "5"]
[White "Rosato, Luciano"]
[Black "Angelotti, Mario"]
[Result "1-0"]
[WhiteElo "2272"]
[BlackElo "1820"]
[PlyCount "49"]
[EventDate "2011.05.06"]

1. d4 Nf6 2. c4 e5 3. dxe5 Ng4 4. Bf4 Nc6 5. Nf3 Bb4+ 6. Nc3 Qe7 7. Qd5 f6 8.
e3 Ncxe5 9. Be2 c6 10. Qd2 Nxf3+ 11. Bxf3 Ne5 12. Be2 O-O 13. O-O Rd8 14. a3
Ba5 15. b4 Bc7 16. Rfd1 Kh8 17. Qc2 d6 18. b5 Bg4 19. Bxg4 Nxg4 20. Qa4 g5 21.
Bg3 d5 22. cxd5 Bxg3 23. hxg3 cxd5 24. Qxg4 Qc5 25. Qd4 1-0

[Event "V Open Estate Vomero"]
[Site "Napoli ITA"]
[Date "2011.06.09"]
[Round "5"]
[White "Somma, Erminio"]
[Black "Borrelli, Salvatore"]
[Result "0-1"]
[WhiteElo "1678"]
[BlackElo "1968"]
[PlyCount "36"]
[EventDate "2011.05.06"]

1. d4 d5 2. Nf3 c6 3. e3 Bf5 4. Ne5 e6 5. Nd2 Nd7 6. Ndf3 Ngf6 7. Nxd7 Nxd7 8.
Nd2 Bd6 9. c4 O-O 10. c5 Bc7 11. f4 b6 12. b4 a5 13. Ba3 axb4 14. Bxb4 bxc5 15.
dxc5 e5 16. Qf3 exf4 17. exf4 Qb8 18. g3 Qxb4 0-1

[Event "V Open Estate Vomero"]
[Site "Napoli ITA"]
[Date "2011.06.09"]
[Round "5"]
[White "Vannini, Aldo"]
[Black "Pinto, Gaetano"]
[Result "0-1"]
[WhiteElo "1807"]
[BlackElo "2027"]
[PlyCount "108"]
[EventDate "2011.05.06"]

1. d4 d5 2. Bf4 Nf6 3. e3 c5 4. c3 e6 5. Nf3 Nc6 6. h3 Qb6 7. Qc1 Bd7 8. Be2
Rc8 9. Nbd2 Be7 10. O-O O-O 11. Ne5 cxd4 12. Nxc6 Bxc6 13. exd4 Bb5 14. Bxb5
Qxb5 15. Re1 Rfd8 16. Nf3 Nd7 17. Rb1 Bf6 18. Bg5 Bxg5 19. Qxg5 Qa6 20. a3 Qd6
21. Qe3 b5 22. Ne5 Nxe5 23. Qxe5 Qxe5 24. Rxe5 a5 25. Re3 b4 26. cxb4 axb4 27.
Rb3 bxa3 28. bxa3 g6 29. Rb4 Rc3 30. Ra1 Rdc8 31. Rbb1 Ra8 32. a4 Rc4 33. a5
Kg7 34. Rb6 Rxd4 35. a6 Ra7 36. Rc1 Ra4 37. Rcc6 Ra1+ 38. Kh2 Ra3 39. Rd6 h5
40. f3 h4 41. Kg1 Ra2 42. Kf1 Kf6 43. Rdc6 Ke5 44. Kg1 d4 45. Rc5+ Kf4 46. Rd6
e5 47. Rf6+ Kg3 48. Kf1 R2xa6 49. Rxa6 Rxa6 50. Rxe5 Ra1+ 51. Ke2 Kxg2 52. Rg5+
Kxh3 53. f4 Ra3 54. f5 Rg3 0-1

[Event "V Open Estate Vomero"]
[Site "Napoli ITA"]
[Date "2011.06.09"]
[Round "5"]
[White "Zinnai, Graziano Matteo"]
[Black "Saccone, Fabio"]
[Result "0-1"]
[WhiteElo "1836"]
[BlackElo "2308"]
[PlyCount "62"]
[EventDate "2011.05.06"]

1. e4 c5 2. Nf3 e6 3. d3 Nc6 4. c3 d5 5. Nbd2 Nf6 6. g3 b6 7. Bg2 Be7 8. O-O
Qc7 9. Re1 Bb7 10. Nf1 dxe4 11. dxe4 Rd8 12. Qe2 Qc8 13. e5 Nd7 14. Bf4 Ba6 15.
Qe4 Na5 16. Qc2 c4 17. b4 cxb3 18. axb3 Bb7 19. h4 Nc6 20. Red1 a5 21. Ne3 Ba6
22. c4 Nb4 23. Qc3 h6 24. h5 Bb7 25. Nc2 Nd5 26. Qd2 Nxf4 27. Qxf4 Nc5 28.
Rxd8+ Qxd8 29. Ncd4 O-O 30. Nd2 Bxg2 31. Kxg2 Bg5 0-1

[Event "V Open Estate Vomero"]
[Site "Napoli ITA"]
[Date "2011.06.16"]
[Round "6"]
[White "Borrelli, Salvatore"]
[Black "Angelotti, Mario"]
[Result "1-0"]
[WhiteElo "1968"]
[BlackElo "1820"]
[PlyCount "131"]
[EventDate "2011.05.06"]

1. d4 Nf6 2. Nf3 e6 3. e3 b6 4. Bd3 Bb7 5. O-O c5 6. c4 Qc7 7. Nc3 a6 8. b3 d6
9. Bb2 Nbd7 10. Rc1 Be7 11. Qe2 h6 12. d5 O-O-O 13. e4 Rhg8 14. Rfe1 g5 15.
dxe6 fxe6 16. e5 Nh5 17. exd6 Bxd6 18. Ne4 Nf4 19. Nxd6+ Qxd6 20. Qc2 Qxd3 21.
Red1 Qxc2 22. Rxc2 g4 23. Ne1 h5 24. Rcd2 Rgf8 25. Bg7 Rf7 26. Bh6 Ng6 27. Rd6
Rh8 28. Bg5 h4 29. Rxe6 Nge5 30. Nd3 Nxd3 31. Rxd3 h3 32. g3 Rg8 33. Bf4 Kd8
34. Rxb6 Re8 35. Rd1 Re1+ 36. Rxe1 Nxb6 37. Rd1+ Kc8 38. Rd6 Nd7 39. Rg6 Bf3
40. Rxa6 Re7 41. Be3 Kb7 42. Rd6 Kc7 43. Rd2 Kc6 44. a3 Re6 45. b4 Ne5 46. b5+
Kb6 47. Rc2 Bg2 48. f4 Nf3+ 49. Kf2 Nxh2 50. Re2 Nf1 51. Bxc5+ Kxc5 52. Rxe6
Kxc4 53. b6 Nd2 54. Rg6 Ne4+ 55. Kg1 Bf3 56. b7 Nxg3 57. b8=Q Ne2+ 58. Kh2 Kd3
59. Qe5 Kd2 60. Rd6+ Ke1 61. Rg6 Kf1 62. f5 Kf2 63. Qc5+ Kf1 64. f6 Nf4 65.
Qc4+ Be2 66. Qxf4+ 1-0

[Event "V Open Estate Vomero"]
[Site "Napoli ITA"]
[Date "2011.06.16"]
[Round "6"]
[White "Capone, Vincenzo"]
[Black "Rosato, Luciano"]
[Result "1-0"]
[WhiteElo "2128"]
[BlackElo "2272"]
[PlyCount "103"]
[EventDate "2011.05.06"]

1. d4 Nf6 2. c4 g6 3. g3 Bg7 4. Bg2 c5 5. d5 O-O 6. Nf3 d6 7. O-O e6 8. Nc3 e5
9. Ne1 Nh5 10. e4 Na6 11. Be3 Qe7 12. Nd3 Bd7 13. Qd2 Rac8 14. a3 b6 15. Rae1
f6 16. f4 Bh6 17. Bf3 Ng7 18. g4 g5 19. f5 Ne8 20. h4 Qg7 21. Kf2 Nec7 22. Rh1
Kf7 23. Rh3 Rh8 24. Reh1 b5 25. cxb5 c4 26. bxa6 cxd3 27. Qxd3 Rb8 28. b4 Nb5
29. Nxb5 Bxb5 30. Qd2 Bxa6 31. Rc1 Rbc8 32. Rhh1 Rhd8 33. a4 Kg8 34. b5 Bb7 35.
a5 a6 36. b6 Rxc1 37. Rxc1 Qe7 38. Be2 Rd7 39. Bd3 Qd8 40. Bc2 Bg7 41. Ba4 Rf7
42. hxg5 fxg5 43. Bxg5 Bf6 44. Bxf6 Qxf6 45. g5 Qd8 46. Bc6 h6 47. Rg1 Kf8 48.
Rh1 Bc8 49. Rxh6 Kg7 50. g6 Rf8 51. Rh7+ Kf6 52. Qh6 1-0

[Event "V Open Estate Vomero"]
[Site "Napoli ITA"]
[Date "2011.06.16"]
[Round "6"]
[White "Caporali, Dante"]
[Black "Somma, Erminio"]
[Result "1/2-1/2"]
[WhiteElo "1568"]
[BlackElo "1678"]
[PlyCount "72"]
[EventDate "2011.05.06"]

1. d4 f5 2. e4 fxe4 3. Nc3 Nf6 4. Bg5 e6 5. Bxf6 Qxf6 6. Nxe4 Qe7 7. Qd2 b6 8.
O-O-O Bb7 9. f3 Nc6 10. Ne2 O-O-O 11. N2c3 d5 12. Ng3 g6 13. Nge2 h5 14. Kb1
Bg7 15. f4 Kb8 16. g3 Na5 17. b3 Rc8 18. Bg2 c5 19. Na4 c4 20. Rhe1 cxb3 21.
axb3 Nc6 22. c3 Na5 23. Qb2 Bf8 24. Nc1 Qd7 25. Bh3 Rc6 26. Nd3 Bg7 27. Re3 Bc8
28. Ne5 Bxe5 29. Rxe5 Qf7 30. Rde1 h4 31. Bf1 hxg3 32. hxg3 Rh5 33. Ka2 Rxe5
34. Rxe5 Bd7 35. Bd3 Rc8 36. Qc2 Rg8 1/2-1/2

[Event "V Open Estate Vomero"]
[Site "Napoli ITA"]
[Date "2011.06.16"]
[Round "6"]
[White "Colli, Roberto"]
[Black "Buiano, Fabio"]
[Result "1-0"]
[WhiteElo "1788"]
[BlackElo "2108"]
[PlyCount "75"]
[EventDate "2011.05.06"]

1. d4 d6 2. c4 e5 3. dxe5 dxe5 4. Qxd8+ Kxd8 5. Nc3 Be6 6. Nf3 f6 7. b3 Nd7 8.
g3 c6 9. Bg2 Bb4 10. Bd2 a5 11. Na4 Nh6 12. Bxb4 axb4 13. Rd1 Kc7 14. c5 Nf7
15. O-O g5 16. Rd2 Nh6 17. h4 g4 18. Ne1 f5 19. Nd3 Nf6 20. Nxb4 Rad8 21. Rfd1
Rxd2 22. Rxd2 f4 23. Nb6 fxg3 24. fxg3 Rd8 25. Rxd8 Kxd8 26. Nd3 Kc7 27. Kf2
Bd5 28. Nxd5+ cxd5 29. e3 Kc6 30. b4 Kb5 31. Bf1 Ne4+ 32. Kg2 Nd2 33. Be2 Nc4
34. e4 Ka4 35. exd5 Ne3+ 36. Kf2 Nxd5 37. Bd1+ Kb5 38. Bb3 1-0

[Event "V Open Estate Vomero"]
[Site "Napoli ITA"]
[Date "2011.06.16"]
[Round "6"]
[White "De Meo, Guido"]
[Black "Di Meo, Antonio"]
[Result "1/2-1/2"]
[WhiteElo "1826"]
[BlackElo "1981"]
[PlyCount "109"]
[EventDate "2011.05.06"]

1. d4 d6 2. c4 g6 3. Nf3 Bg7 4. g3 Nf6 5. Nc3 O-O 6. Bg2 c6 7. O-O Nbd7 8. Qc2
Qc7 9. e4 e5 10. d5 a6 11. Bd2 c5 12. Rac1 Nh5 13. Nh4 Qd8 14. Ne2 b5 15. a3
bxc4 16. Qxc4 a5 17. Qc2 Ba6 18. Rfe1 Qb6 19. Be3 Rab8 20. Rb1 Qb3 21. Qd2 Nhf6
22. Qxa5 Bd3 23. Nc1 Qb5 24. Qxb5 Bxb5 25. f3 Rb7 26. Bf1 Ba4 27. Bd3 Rfb8 28.
Re2 Rc7 29. Bc4 Nb6 30. Ba2 Bb5 31. Rc2 Rbc8 32. Ng2 Nfd7 33. Ne1 c4 34. Ne2
Nc5 35. Rbc1 Ncd7 36. Nc3 Ba6 37. b4 cxb3 38. Bxb3 Bf6 39. a4 Bd8 40. Nb5 Rxc2
41. Nxc2 Bxb5 42. axb5 Rc3 43. Ba2 Nc4 44. Bxc4 Rxc4 45. Kf1 Bb6 46. Ke2 Bxe3
47. Kxe3 Rc5 48. Kd2 Rxb5 49. Ne3 Rb2+ 50. Rc2 Rxc2+ 51. Kxc2 Kf8 52. Nc4 Ke7
53. f4 exf4 54. gxf4 Nc5 55. Nd2 1/2-1/2

[Event "V Open Estate Vomero"]
[Site "Napoli ITA"]
[Date "2011.06.16"]
[Round "6"]
[White "Gallo, Thomas Renato"]
[Black "Vannini, Aldo"]
[Result "1-0"]
[WhiteElo "1881"]
[BlackElo "1807"]
[PlyCount "91"]
[EventDate "2011.05.06"]

1. d4 d5 2. Bf4 e6 3. e3 Nf6 4. Nf3 Bd6 5. Ne5 c6 6. c3 Qc7 7. Nd2 Nbd7 8. Nxd7
Qxd7 9. Be5 Qc7 10. f4 a6 11. Bd3 c5 12. O-O Bd7 13. a4 c4 14. Bc2 Bc6 15. a5
O-O-O 16. b3 Bb5 17. bxc4 dxc4 18. Ne4 Nxe4 19. Bxe4 Bxe5 20. fxe5 Bc6 21. Bxc6
Qxc6 22. Rxf7 Rd7 23. Rxd7 Qxd7 24. Qf3 Re8 25. Rb1 Qe7 26. Rb4 Rf8 27. Qe2 Kb8
28. Qxc4 Rc8 29. Qb3 Rc7 30. Rb6 Qh4 31. Qb1 Rf7 32. Rb2 Qg5 33. Qe1 Qd8 34. c4
Qc7 35. c5 Qc6 36. Rf2 Rd7 37. Rf8+ Ka7 38. Rf2 Qb5 39. Qc3 Qb1+ 40. Rf1 Qb5
41. h3 Rc7 42. Rf2 g5 43. Rb2 Qc6 44. Rb6 Qd7 45. Rd6 Qf7 46. Qb3 1-0

[Event "V Open Estate Vomero"]
[Site "Napoli ITA"]
[Date "2011.06.16"]
[Round "6"]
[White "Messina, Enrico"]
[Black "Caiazzo, Diego"]
[Result "1-0"]
[WhiteElo "2127"]
[BlackElo "1854"]
[PlyCount "31"]
[EventDate "2011.05.06"]

1. e4 d5 2. exd5 Qxd5 3. Nf3 Nf6 4. c4 Qd8 5. Be2 e6 6. O-O Be7 7. d4 c6 8. Nc3
O-O 9. Bf4 Nbd7 10. h3 h6 11. Qc2 Nb6 12. Rad1 Nfd7 13. Rfe1 Re8 14. d5 exd5
15. cxd5 Nxd5 16. Nxd5 1-0

[Event "V Open Estate Vomero"]
[Site "Napoli ITA"]
[Date "2011.06.16"]
[Round "6"]
[White "Saccone, Fabio"]
[Black "Della Corte, Alessandro"]
[Result "1/2-1/2"]
[WhiteElo "2308"]
[BlackElo "2253"]
[PlyCount "29"]
[EventDate "2011.05.06"]

1. Nf3 d5 2. c4 c6 3. b3 Bg4 4. e3 e6 5. Bb2 Nf6 6. h3 Bxf3 7. Qxf3 Nbd7 8. Nc3
Be7 9. cxd5 exd5 10. Be2 O-O 11. O-O a5 12. Rfc1 Bd6 13. d4 Qe7 14. Bd3 Rfe8
15. Rc2 1/2-1/2

[Event "V Open Estate Vomero"]
[Site "Napoli ITA"]
[Date "2011.06.16"]
[Round "6"]
[White "Seletsky, Grigory"]
[Black "Zinnai, Graziano Matteo"]
[Result "1-0"]
[WhiteElo "2296"]
[BlackElo "1836"]
[PlyCount "73"]
[EventDate "2011.05.06"]

1. e4 c6 2. Nc3 d5 3. Nf3 dxe4 4. Nxe4 Bg4 5. Bc4 e6 6. h3 Bh5 7. Ng3 Bxf3 8.
Qxf3 Nf6 9. O-O Be7 10. c3 O-O 11. d4 Nbd7 12. Re1 a5 13. Bd2 Nb6 14. Bd3 Nbd5
15. Rad1 c5 16. dxc5 Bxc5 17. c4 Ne7 18. Bc3 Qc7 19. Ne4 Nxe4 20. Bxe4 Ra7 21.
a3 a4 22. h4 f6 23. Qg4 Qb6 24. Re2 e5 25. Qd7 Nc6 26. h5 Ne7 27. g4 Qa6 28.
Qd3 f5 29. Bxf5 Nxf5 30. Qd5+ Kh8 31. Qxc5 Raa8 32. Qxe5 Qxc4 33. gxf5 Rg8 34.
Re4 Qf7 35. h6 Qf6 36. hxg7+ Rxg7+ 37. Kf1 1-0

[Event "V Open Estate Vomero"]
[Site "Napoli ITA"]
[Date "2011.06.16"]
[Round "6"]
[White "Solombrino, Giovanni"]
[Black "Esposito, Rosario"]
[Result "1/2-1/2"]
[WhiteElo "1838"]
[BlackElo "1841"]
[PlyCount "43"]
[EventDate "2011.05.06"]

1. e4 c5 2. Nf3 e6 3. d4 cxd4 4. Nxd4 Nc6 5. Nc3 a6 6. Be3 Qc7 7. a3 Nf6 8. g4
d6 9. g5 Nd7 10. f4 b5 11. f5 Nde5 12. fxe6 fxe6 13. Be2 Be7 14. Qd2 Bd7 15.
O-O-O Na5 16. Kb1 Nac4 17. Bxc4 Nxc4 18. Qd3 Rc8 19. Nde2 Nxe3 20. Qxe3 O-O 21.
h4 a5 22. Qd4 1/2-1/2

[Event "V Open Estate Vomero"]
[Site "Napoli ITA"]
[Date "2011.06.16"]
[Round "6"]
[White "Somma, Andrea"]
[Black "De Rosa, Francesco"]
[Result "0-1"]
[WhiteElo "1590"]
[BlackElo "1962"]
[PlyCount "92"]
[EventDate "2011.05.06"]

1. e4 c5 2. Nf3 Nc6 3. Bc4 e6 4. c3 Nf6 5. d3 Na5 6. Bb3 Nxb3 7. axb3 Qc7 8.
Nbd2 b6 9. h3 Bb7 10. Nf1 Be7 11. Ng3 d6 12. Be3 O-O 13. O-O a5 14. Qc2 Nd7 15.
Nd2 Ba6 16. f4 d5 17. Rf3 Bb7 18. Ne2 f5 19. g4 Bh4 20. Bf2 Bxf2+ 21. Kxf2 Kh8
22. e5 d4 23. Rg3 dxc3 24. Qxc3 fxg4 25. Rxg4 Nxe5 26. Rg5 Ng6 27. Rag1 Nxf4
28. Nxf4 Rxf4+ 29. Ke3 Rd4 30. Nc4 Qf4+ 31. Ke2 Qf3+ 32. Kd2 Rad8 33. Ne5 Qf2+
34. Kc1 g6 35. Ng4 Qxg1+ 36. Kc2 Rf8 37. Qd2 Ba6 38. Ne5 Qf2 39. Rg2 Qxd2+ 40.
Kxd2 Rf5 41. Ng4 Rxd3+ 42. Kc2 Rxh3 43. Rd2 Rd5 44. Rf2 Bd3+ 45. Kc1 Rh1+ 46.
Kd2 Bf5+ 0-1

[Event "V Open Estate Vomero"]
[Site "Napoli ITA"]
[Date "2011.06.23"]
[Round "7"]
[White "Buiano, Fabio"]
[Black "Solombrino, Giovanni"]
[Result "1/2-1/2"]
[WhiteElo "2108"]
[BlackElo "1838"]
[PlyCount "45"]
[EventDate "2011.05.06"]

1. e4 c5 2. Nc3 Nc6 3. f4 d6 4. Nf3 g6 5. Bb5 Bd7 6. O-O Bg7 7. d3 Nf6 8. Qe1
O-O 9. Bxc6 Bxc6 10. Qh4 e6 11. h3 d5 12. e5 Nd7 13. Qg3 d4 14. Nd1 f6 15. exf6
Nxf6 16. Re1 Qd5 17. Nf2 Rae8 18. Bd2 Nh5 19. Qg4 Nf6 20. Qh4 Nd7 21. Ne4 e5
22. fxe5 Nxe5 23. Re2 1/2-1/2

[Event "V Open Estate Vomero"]
[Site "Napoli ITA"]
[Date "2011.06.23"]
[Round "7"]
[White "Caiazzo, Diego"]
[Black "De Meo, Guido"]
[Result "1-0"]
[WhiteElo "1854"]
[BlackElo "1826"]
[PlyCount "61"]
[EventDate "2011.05.06"]

1. Nf3 c5 2. b3 d5 3. Bb2 Nf6 4. g3 g6 5. Bg2 Bg7 6. O-O Nc6 7. d4 cxd4 8. Nxd4
O-O 9. Nd2 Re8 10. Nxc6 bxc6 11. c4 Ba6 12. Re1 e5 13. Qc2 Rc8 14. Rad1 Qb6 15.
c5 Qc7 16. Nf3 Rb8 17. Bf1 Nd7 18. a3 Bc8 19. e3 a5 20. Rb1 Qa7 21. Rec1 Bf8
22. Bh3 f5 23. g4 f4 24. exf4 exf4 25. Qc3 Kf7 26. Ng5+ Ke7 27. Re1+ Kd8 28.
Nf7+ Kc7 29. Rxe8 Bxc5 30. Qf3 g5 31. Nxg5 1-0